Social Housing in Selected Countries of the European Union
Hodnotenie sociálneho bývania na úrovni štátnej sociálnej politiky. Makroekonomické podmienky v oblasti sociálneho bývania. Popis a typológia tejto problematiky vo vybraných krajinách Európskej únie.
Salvato in:
| Autore principale: | |
|---|---|
| Natura: | Capitolo di libro |
| Lingua: | inglese |
| Soggetti: | |
| Tags: |
Nessun Tag, puoi essere il primo ad aggiungerne!!
|
MARC
| LEADER | 00000naa a2200000 4500 | ||
|---|---|---|---|
| 001 | 0259039 | ||
| 005 | 20240502083737.0 | ||
| 041 | 0 | |a eng | |
| 044 | |a DE | ||
| 245 | 1 | 0 | |a Social Housing in Selected Countries of the European Union |c Jarmila Vidová |
| 520 | |a Hodnotenie sociálneho bývania na úrovni štátnej sociálnej politiky. Makroekonomické podmienky v oblasti sociálneho bývania. Popis a typológia tejto problematiky vo vybraných krajinách Európskej únie. | ||
| 610 | 2 | 0 | |a bývanie |
| 610 | 2 | 0 | |a politika sociálna |
| 610 | 2 | 0 | |a Európska únia |
| 610 | 2 | 0 | |a výdavky štátne |
| 100 | 1 | |a Vidová, Jarmila, 1967- | |